000 00448nam a22001817a 4500
003 MPLRDC
005 20220104113737.0
008 210129b ||||| |||| 00| 0 eng d
020 _a962-447-236-X
082 _a857.7 YQ v.14
100 _a严沁
245 _a该不该让他知道
_c
260 _a
_b勤加缘出版社
_c1993
300 _b
490 _a严沁浪漫小说系列. 12
650 _a长篇小说
942 _cBK
_o857.7 YQ v.14
999 _c2016
_d2006